Peintures - Artistes 2 - Statistiques

Statistiques générales
  • Ce quiz a été pris 1 538 fois
  • Le résultat moyen est 7 sur 26
Statistiques - réponses
Par images Hint Réponse % Correct
Claude Monet
98%
Henri Matisse
69%
Gustave Courbet
65%
Piet Mondrian
64%
Paul Gauguin
52%
Yves Klein
46%
Nicolas Poussin
39%
Rosa Bonheur
34%
Egon Schiele
32%
Jan Van Eyck
32%
Gustave Caillebotte
27%
Georges de la Tour
27%
Diego Velazquez
23%
Henri de Toulouse-Lautrec
22%
Raoul Dufy
20%
Elisabeth Vigée-Lebrun
18%
Filippo Lippi
14%
Michelangelo Le Caravage
12%
Dominico Le Greco
11%
Paul Signac
11%
André Derain
8%
Frédéric Bazille
5%
Rogier Van der Weyden
5%
Louis Le Nain
4%
Jean Béraud
1%
Mathieu Le Nain
1%
Aucun quiz correspondant
Distribution des résultats
% des personnes avec chaque résultat
Percentile par nombre de réponses
Votre historique - résultats
Vous n’avez pas pris ce quiz